Culture of corruption (Record no. 193845)
[ view plain ]
| 000 -LEADER | |
|---|---|
| fixed length control field | 01919nam a2200349 a 4500 |
| 082 04 - DEWEY DECIMAL CLASSIFICATION NUMBER | |
| Classification number | 973.932 |
| 100 1# - MAIN ENTRY--AUTHOR NAME | |
| Personal name | Malkin, Michelle. |
| 245 10 - TITLE STATEMENT | |
| Title | Culture of corruption |
| 260 ## - PUBLICATION, DISTRIBUTION, ETC. (IMPRINT) | |
| Place of publication | Washington, D.C. : |
| Name of publisher | Regnery Pub. ; |
| Place of publication | New York : |
| Name of publisher | Distributed to the trade by Perseus Distribution, |
| Year of publication | c2009. |
| 300 ## - PHYSICAL DESCRIPTION | |
| Number of Pages | 376 p., [4] p. of plates : |
| Other physical details | col. ill. |
| 505 0# - FORMATTED CONTENTS NOTE | |
| Formatted contents note | All hail the achievatrons! -- ONWS : Obama nominee withdrawal syndrome -- Bitter half : first crony Michelle Obama -- Vetting the veep : the myth of "average Joe" Biden -- Meet the mess : inside the crooked cabinet -- Backroom buddies : dancing with the czars -- Money men : lifestyles of the rich and liberal -- SEIU : look for the union label -- Obamacorn : a community of organized racketeers nationwide -- The Clintons : two for the price of one -- Birds of a feather. |
| 650 #0 - SUBJECT ADDED ENTRY--TOPICAL TERM | |
| Topical Term | Political corruption |
| 856 40 - ELECTRONIC LOCATION AND ACCESS | |
| Uniform Resource Identifier | http://site.ebrary.com/lib/rucke/Doc?id=10377736 |
No items available.
